Bundesliga-Städte - Karten-Quiz - Statistiken

Allgemein
  • Dieses Quiz wurde 171 mal gespielt
  • Das Durchschnittsergebnis liegt bei 41 aus 48
Antworten auf der Karte
Die Antworten werden auf der Karte rot bzw. grün angezeigt, abhängig davon wie oft sie richtig erraten wurden.
 
Antwortstatistiken
Stadt % Korrekt
Hamburg
100%
Berlin
99%
Kiel
99%
Dresden
98%
München
98%
Bremen
97%
Köln
96%
Rostock
96%
Stuttgart
96%
Dortmund
95%
Hannover
95%
Leipzig
95%
Nürnberg
95%
Frankfurt am Main
93%
Gelsenkirchen
93%
Mainz
93%
Saarbrücken
93%
Augsburg
92%
Freiburg im Breisgau
91%
Bielefeld
89%
Mönchengladbach
89%
Aachen
88%
Wolfsburg
88%
Braunschweig
87%
Bochum
86%
Düsseldorf
86%
Kaiserslautern
86%
Fürth
85%
Heidenheim an der Brenz
85%
Karlsruhe
85%
Leverkusen
84%
Ulm
83%
Cottbus
80%
Duisburg
80%
Essen
80%
Sinsheim
80%
Münster
77%
Darmstadt
76%
Mannheim
76%
Paderborn
76%
Ingolstadt
72%
Offenbach
72%
Unterhaching
72%
Wuppertal
63%
Oberhausen
60%
Homburg
59%
Krefeld
55%
Neunkirchen
53%
Keine übereinstimmenden Quizze gefunden
Verteilung der Resultate
Anzahl Personen mit jedem Resultat
Perzentil nach korrekt beantworteten Fragen
Ihre Resultats-Entwicklung
Sie haben dieses Quiz noch nicht gespielt